| 000 | 00455cam a2200181ua 4500 | ||
|---|---|---|---|
| 020 | _c10.00 | ||
| 041 |
_amal _h |
||
| 082 |
_a922.9 _bBAL/NA |
||
| 100 | _aBalakrishnan, P K . | ||
| 245 |
_aNarayana Guru / _cP K Balakrishnan. _hTextual Documents |
||
| 250 |
_a1 / _b. |
||
| 260 |
_aKottayam : _bSahitya Pravarthaka Co-operative Society , _c1969. |
||
| 300 | _a345 ; . | ||
| 365 | _a10.00 | ||
| 504 | _a | ||
| 942 | _cBK | ||
| 999 |
_c6668 _d6668 |
||